000 00942nam a22002297a 4500
003 OSt
005 20260211082240.0
008 240820b ||||| |||| 00| 0 eng d
040 _c0
082 _aDPer 320.05 As421 April-December 2020 v. 28 n. 1-3
100 _aKim, Soojin.
_eauthor.
_958468
245 _aA closer look at risk factors for public-private partnerships in Singapore :
_bsix case studies /
_cSoojin Kim and Kai Xiang Kwa.
260 _aUnited Kingdom ;
_bTaylor & Francis Group ,
_cAugust 2020.
300 _aVolume 28, pages 142-163 :
_billustration ;
_c26 cm.
500 _aAsian Journal of Political Science, vol. 28, no. 2, pages 142-163, August 2020.
650 0 _aPublic-private partnership.
_967016
650 0 _aSingapore -- Economic conditions -- Periodicals.
_921323
650 0 _aRisk factor.
_967017
700 _aKim, Soojin.
_eauthor.
_958468
700 _aKwa, Kai Xiang.
_eauthor.
_958469
942 _2ddc
_cPER
999 _c20698
_d20698